The Sandcastle Competition

Gorde:
Xehetasun bibliografikoak
Egile nagusia: Penn, Julie
Formatua: Ezezaguna
Hizkuntza:English
Argitaratua: Oxford University 1983
Gaiak:
Etiketak: Etiketa erantsi
Etiketarik gabe, Izan zaitez lehena erregistro honi etiketa jartzen!
Thư viện lưu trữ: Mạng thư viện Đại học Đà Nẵng
LEADER 01023ca a2200313 4500
001 000031497
003 6244
005 20151016000000.0
008 151001s1983 000 eng
020 |a 9780194802536 
041 |a eng 
082 |a 420.83  |b PE-J 
100 |a Penn, Julie 
245 |a The Sandcastle Competition  |c Julie Penn, Emilia Robledo 
260 |a Oxford University  |c 1983 
300 |a 29p. : ill ; 30cm 
650 |a The Sandcastle Competition, Sandcastle, competution 
852 |b Chuyên đề  |c Dự án TRIG 
OWN |a LNN 
AVA |a UDN50  |b LNN  |d 420.83 PE-J  |e available  |t Error 5001 Not defined in file expand_doc_bib_avail.  |f 1  |g 0  |h N  |i 0  |k 1 
999 |a From the UDN01 
AVA |a UDN50  |b LNN  |d 420.83 PE-J  |e available  |t Error 5001 Not defined in file expand_doc_bib_avail.  |f 1  |g 0  |h N  |i 0  |k 1 
980 |a Mạng thư viện Đại học Đà Nẵng